000 00469nmm a2200157Ia 4500
008 251105s9999||||xx |||||||||||||||||und||
020 _a9788431530815
041 _aspa
100 _aRognoni, Patrizia
245 0 _aEl libro de la casa
264 _a[Madrid, España] :
_bDe Vecchi,
_c[Fecha de publicación no identificada]
300 _a0 páginas
650 _aNorth American narrative
856 _uhttps://public.digitaliapublishing.com/a/123252
942 _cCF
999 _c81260
_d81260